Big Nate: Mastery Quiz - Statistics

General Stats
  • This quiz has been taken 15 times
  • The average score is 3 of 9
Answer Stats
Hint Answer % Correct
Which fictional character does Nate make a mask of earning him a detention? BATMAN
63%
What food did Chester stick up a boy's nose in Big Nate: On a Roll? Hot dog
63%
What is the name of the slope where Teddy gets his Super-Sno Tube deflated? Cluffy's cliff
50%
What is Nate's other comic book female love interest? Red sonja
50%
What is Nate's least favourite food at the County Fair? KIELBASA
38%
Which TV show character was on Nate's lunchbox during his time at preschool Thomas the tank engine
38%
What animal is featured on the "Warm Fuzzy" that Nate was about to sell to Ellen? UNICORN
25%
What does Amanda love? Ponies
13%
What does Coach Calhoun have on the morning of the first game of Nate's newly named team, the "Vultures"? Liverwurst and fruit punch
0%
No matching quizzes found
Score Distribution
Percent of People with Each Score
Percentile by Number Answered
Your Score History
You have not taken this quiz